[Event "World Rapid Women 2022"]
[Site "Almaty KAZ"]
[Date "2022.12.26"]
[Round "3.10"]
[White "Harika, Dronavalli"]
[Black "Mkrtchian, Lilit"]
[Result "1/2-1/2"]
[WhiteTitle "GM"]
[BlackTitle "IM"]
[WhiteElo "2507"]
[BlackElo "2377"]
[WhiteFideId "5015197"]
[BlackFideId "13300601"]
[EventDate "2022.12.26"]

1. c4 e6 2. g3 d5 3. Bg2 Nf6 4. Nf3 dxc4 5. Qa4+ Bd7 6. Qxc4 c5 7. Nc3 Bc6 8.
O-O Be7 9. e4 Nbd7 10. Qe2 e5 11. d3 O-O 12. Nh4 Re8 13. Nf5 Nf8 14. f4 exf4 15.
gxf4 Ne6 16. e5 Nd5 17. Ne4 Nd4 18. Nxd4 cxd4 19. a3 Bf8 20. Bd2 Qb6 21. Rab1
Ne3 22. Bxe3 dxe3 23. Kh1 Rad8 24. Rg1 Kh8 25. b4 h6 26. Qh5 Qc7 27. Rbd1 Bb5
28. Qe2 Qb6 29. Rge1 Ba4 30. Rc1 Bb5 31. Rc3 a5 32. Qxe3 Qxe3 33. Rxe3 axb4 34.
axb4 Rd4 35. h3 Rxb4 36. Rc7 Re7 37. Rc8 Re8 38. Rxe8 Bxe8 39. Nd6 Bc6 40. Bxc6
bxc6 41. Nxf7+ Kg8 42. Nd8 Rxf4 43. e6 Be7 44. Nxc6 Kf8 45. Kg2 Bf6 46. d4 Bxd4
47. e7+ Ke8 48. Rd3 Re4 49. Kf3 Re6 50. Nxd4 Rf6+ 51. Kg4 Kxe7 52. Nf5+ Kf8 53.
Rd8+ Kf7 54. Rd7+ Kf8 55. Rd6 Kf7 56. Rd7+ Kf8 57. h4 Rg6+ 58. Kf4 Rg1 59. h5 g6
60. Nxh6 gxh5 61. Kf5 Ke8 62. Rh7 Kd8 63. Kf6 Rd1 64. Nf5 Rd7 65. Rxh5 Kc7 66.
Ke6 Rd1 67. Rh4 Re1+ 68. Kd5 Rd1+ 69. Nd4 Kb6 70. Rh6+ Kb7 71. Rh2 Kb6 72. Rb2+
Kc7 73. Rb4 Rd3 74. Rb1 Rh3 75. Ne6+ Kd7 76. Rb7+ Ke8 77. Ng7+ Kf8 78. Nf5 Ra3
79. Ke6 Ra6+ 80. Nd6 Ra1 81. Rb8+ Kg7 82. Nf5+ Kg6 83. Rg8+ Kh5 84. Ke5 Ra5+ 85.
Ke4 Ra4+ 86. Nd4 Kh6 87. Ke5 Ra5+ 88. Kf6 Ra6+ 89. Ne6 Kh5 90. Rg3 Kh4 91. Rg8
Kh3 92. Kf5 Ra5+ 93. Ke4 Ra4+ 94. Nd4 Kh4 95. Rg7 Kh5 96. Kf5 Ra5+ 97. Kf4 Ra4
98. Ke4 Kh6 99. Rg1 Kh5 100. Ke5 Ra5+ 101. Kf6 Ra6+ 102. Ne6 Kh4 103. Rg8 1/2-1/2

[Event "World Rapid Women 2022"]
[Site "Almaty KAZ"]
[Date "2022.12.26"]
[Round "3.11"]
[White "Khademalsharieh, Sarasadat"]
[Black "Yao, Lan"]
[Result "1-0"]
[WhiteTitle "IM"]
[BlackTitle "WIM"]
[WhiteElo "2490"]
[BlackElo "2271"]
[WhiteFideId "12512214"]
[BlackFideId "8610835"]
[EventDate "2022.12.26"]

1. d4 Nf6 2. c4 e6 3. Nc3 Bb4 4. Nf3 O-O 5. e3 c5 6. Bd3 b6 7. O-O Bxc3 8. bxc3
Nc6 9. e4 Ne8 10. e5 f5 11. d5 Na5 12. Bg5 Qc7 13. Be7 Rf7 14. d6 Qc6 15. Ng5
Bb7 16. f3 Rxe7 17. dxe7 h6 18. Be4 Qc7 19. Bxb7 Qxb7 20. Nh3 Nxc4 21. Qe2 Na5
22. f4 Kf7 23. g4 Kxe7 24. Rae1 Qd5 25. Rd1 Qc4 26. Qg2 Qe4 27. Qg3 Nc4 28. Qh4+
g5 29. Qxh6 Qe3+ 30. Rf2 gxf4 31. Qh7+ Kf8 32. Rxd7 Qe1+ 33. Rf1 Qe3+ 34. Nf2 1-0

[Event "World Rapid Women 2022"]
[Site "Almaty KAZ"]
[Date "2022.12.26"]
[Round "3.12"]
[White "Stefanova, Antoaneta"]
[Black "Zatonskih, Anna"]
[Result "0-1"]
[WhiteTitle "GM"]
[BlackTitle "IM"]
[WhiteElo "2442"]
[BlackElo "2349"]
[WhiteFideId "2902257"]
[BlackFideId "14101572"]
[EventDate "2022.12.26"]

1. d4 d5 2. Bf4 Nf6 3. Nc3 c5 4. e3 a6 5. dxc5 Qa5 6. Qd2 Nbd7 7. O-O-O e6 8. e4
dxe4 9. Bd6 Nxc5 10. Bxf8 Rxf8 11. f3 exf3 12. Nxf3 Bd7 13. Qg5 Qc7 14. Kb1 Rg8
15. Ne5 h6 16. Qe3 Ke7 17. Be2 Rgd8 18. g4 Na4 19. Nxa4 Bxa4 20. Qa3+ Rd6 21.
Nc4 Nd5 22. Nxd6 Bxc2+ 23. Ka1 Qxd6 24. Qxd6+ Kxd6 25. Rd2 Be4 26. Rc1 f5 27.
gxf5 exf5 28. Rg1 g5 29. Bc4 Ke5 30. Bxd5 Bxd5 31. Re1+ Be4 32. Rd7 h5 33. Rxb7
h4 34. Rb3 g4 35. a3 Rd8 36. Rb6 h3 37. Re2 Kf4 38. Rxa6 Kf3 39. Re1 Rd2 40. Rh6
Rxh2 41. a4 Kf2 42. Rd1 g3 43. Rd2+ Ke1 44. Rd4 g2 45. Rg6 Rh1 46. Ka2 g1=Q 47.
Rxg1+ Rxg1 0-1

[Event "World Rapid Women 2022"]
[Site "Almaty KAZ"]
[Date "2022.12.26"]
[Round "3.13"]
[White "Tokhirjonova, Gulrukhbegim"]
[Black "Assaubayeva, Bibisara"]
[Result "1/2-1/2"]
[WhiteTitle "WGM"]
[BlackTitle "IM"]
[WhiteElo "2328"]
[BlackElo "2440"]
[WhiteFideId "14203626"]
[BlackFideId "13708694"]
[EventDate "2022.12.26"]

1. e4 c5 2. Nc3 Nc6 3. Nf3 e5 4. Bc4 d6 5. d3 Be7 6. O-O Nf6 7. Ng5 O-O 8. f4 h6
9. Nf3 exf4 10. Bxf4 Be6 11. Qe1 Qd7 12. Rd1 Rfe8 13. a3 Bxc4 14. dxc4 Bf8 15.
Qe2 Qg4 16. Qe3 Qe6 17. Rfe1 Qxc4 18. Bxd6 Bxd6 19. Rxd6 Ng4 20. Qd2 Rad8 21.
Rd5 Nd4 22. b3 Rxd5 23. Nxd5 Qxc2 24. Qxc2 Nxc2 25. Rc1 Nxa3 26. Rxc5 b6 27. Rc7
Nb5 28. Rc4 Ne5 29. Rb4 Nd6 30. Nc7 Rc8 31. Nxe5 Rxc7 32. Rd4 Nb5 33. Rd8+ Kh7
34. Nc4 Nc3 35. e5 Re7 36. Rd3 Ne4 37. Re3 Nc5 38. b4 Nd7 39. Ra3 Nxe5 40. Nxe5
Rxe5 41. Rxa7 f6 42. Rd7 Re4 43. b5 Re5 44. Kf2 Rxb5 45. h4 h5 46. Rb7 Rb3 47.
g3 Kg6 48. Kg2 b5 49. Kf2 b4 50. Rb5 Rb2+ 51. Kf3 b3 52. Ke3 Rb1 53. Kf3 b2 54.
Kg2 f5 55. Rb6+ Kf7 56. Kh2 Kg8 57. Kg2 g5 58. Rb8+ Kf7 59. Rb7+ Kf6 60. Rb6+
Ke7 61. Rb7+ Ke6 62. Rb6+ Kf7 63. Rb7+ Ke6 64. Rb6+ Kf7 65. Rb7+ Kg6 66. Rb6+
Kg7 67. Rb7+ Kf8 68. Rb8+ Ke7 69. Rb7+ Kd8 70. hxg5 Ke8 71. Rb5 Ke7 72. Rb7+ Ke8
73. Rb5 h4 74. g6 Ke7 75. g7 Kf7 76. Rxf5+ Kxg7 77. Rb5 hxg3 78. Rb6 Kf7 79.
Rb7+ Ke6 80. Rb6+ Kd5 81. Rb8 Kc4 1/2-1/2

[Event "World Rapid Women 2022"]
[Site "Almaty KAZ"]
[Date "2022.12.26"]
[Round "3.14"]
[White "Charochkina, Daria"]
[Black "Atalik, Ekaterina"]
[Result "1-0"]
[WhiteTitle "IM"]
[BlackTitle "IM"]
[WhiteElo "2344"]
[BlackElo "2403"]
[WhiteFideId "4180917"]
[BlackFideId "4130189"]
[EventDate "2022.12.26"]

1. d4 d5 2. c4 e6 3. Nc3 Nf6 4. cxd5 exd5 5. Bg5 c6 6. e3 Be7 7. Bd3 O-O 8. Qc2
h6 9. Bh4 Ne8 10. Bg3 Bd6 11. Nf3 Be6 12. Ne5 Nd7 13. f4 Bxe5 14. fxe5 c5 15.
O-O Rc8 16. Qd2 a6 17. Rad1 Nc7 18. Bb1 c4 19. Qc2 g6 20. Qf2 Kh7 21. h4 Nb5 22.
Ne2 c3 23. Nf4 c2 24. Bxc2 Rxc2 25. Qxc2 Bf5 26. Qb3 Nb6 27. a4 Na7 28. a5 Nc4
29. Qxb7 Nb5 30. Nxd5 Nxa5 31. Nf6+ Qxf6 32. Qxb5 axb5 33. exf6 Nc4 34. Bf4 Nxb2
35. Ra1 Nc4 36. Rfc1 Be4 37. Ra7 g5 38. hxg5 hxg5 39. Be5 Kg6 40. Kf2 Rc8 41.
Bc7 Nb2 42. Rca1 b4 43. R1a5 b3 44. Rb5 Nd1+ 45. Ke1 Bc2 46. d5 Nc3 47. Rbb7
Nxd5 48. Be5 Nxe3 49. Rxf7 Nc4 50. Bd4 b2 51. Rg7+ Kf5 52. Bxb2 Nxb2 53. f7 Bb3
54. Rb7 Nd3+ 55. Kd2 Nc5 56. Rb5 Kf6 57. Rg8 Rxg8 58. fxg8=Q Bxg8 59. Rxc5 Be6
60. Ke3 Bf5 61. Kd4 g4 62. Rc6+ Kg5 63. g3 Bd7 64. Rd6 Ba4 65. Ke5 Bb5 66. Rd8
Be2 67. Rg8+ Kh6 68. Kf6 Kh7 69. Re8 Bf3 70. Re7+ Kh6 71. Rd7 Be2 72. Rd2 Bf1
73. Rf2 Bh3 74. Kf5 Kg7 75. Kg5 Kh7 76. Rd2 Kg7 77. Rd7+ Kf8 78. Kf6 Kg8 79. Kg6
Kf8 80. Rd4 Ke7 81. Re4+ Kf8 82. Re2 1-0

[Event "World Rapid Women 2022"]
[Site "Almaty KAZ"]
[Date "2022.12.26"]
[Round "3.15"]
[White "Beydullayeva, Govhar"]
[Black "Mammadzada, Gunay"]
[Result "0-1"]
[WhiteTitle "WGM"]
[BlackTitle "IM"]
[WhiteElo "2387"]
[BlackElo "2472"]
[WhiteFideId "13413015"]
[BlackFideId "13403729"]
[EventDate "2022.12.26"]

1. d4 d5 2. c4 c6 3. Nf3 Nf6 4. Nc3 e6 5. Bg5 Be7 6. e3 Nbd7 7. Qc2 O-O 8. cxd5
Nxd5 9. Bxe7 Qxe7 10. Be2 Re8 11. O-O Nxc3 12. bxc3 e5 13. e4 b6 14. Rfe1 Bb7
15. Bc4 b5 16. Rab1 h6 17. a4 a6 18. Ba2 Rac8 19. Qb3 Qf6 20. Rbd1 Re7 21. Qa3
Rce8 22. axb5 axb5 23. d5 Ra8 24. Qb2 Nb6 25. d6 Rd7 26. c4 Rxd6 27. cxb5 Na4
28. Qxe5 Rxd1 29. Rxd1 Nc3 30. Bxf7+ Kxf7 31. Rd7+ Kf8 32. h3 Bc8 33. Qc5+ Kg8
34. Qc4+ Kh7 35. e5 Qg6 36. Rd3 Ne2+ 37. Kh2 Nf4 38. Nh4 Qxd3 39. Qxf4 cxb5 40.
Qf7 Qe4 41. f4 Ra4 42. Kg3 Ra3+ 43. Nf3 Qg6+ 0-1

[Event "World Rapid Women 2022"]
[Site "Almaty KAZ"]
[Date "2022.12.26"]
[Round "3.16"]
[White "Paehtz, Elisabeth"]
[Black "Kurmangaliyeva, Liya"]
[Result "1-0"]
[WhiteTitle "GM"]
[BlackTitle "FM"]
[WhiteElo "2464"]
[BlackElo "2287"]
[WhiteFideId "4641833"]
[BlackFideId "13725831"]
[EventDate "2022.12.26"]

1. d4 d5 2. Bf4 Nf6 3. e3 e6 4. Nd2 Bd6 5. Bg3 O-O 6. Bd3 c5 7. c3 Qc7 8. f4 b6
9. Ngf3 Ba6 10. Bxa6 Nxa6 11. Ne5 Nd7 12. O-O f6 13. Nef3 Rae8 14. c4 cxd4 15.
Nxd4 Qb7 16. cxd5 Qxd5 17. Nb1 Bc5 18. Nc3 Qb7 19. Bf2 Nc7 20. Nb3 Rd8 21. Qe2
b5 22. Rac1 Be7 23. Nd4 a6 24. Qf3 Qxf3 25. gxf3 Bc5 26. Nc6 Rde8 27. Ne4 Bb6
28. Nd6 Ra8 29. e4 Bxf2+ 30. Kxf2 Ne8 31. Rfd1 Nb6 32. Ne7+ Kh8 33. Rc6 Nxd6 34.
Rdxd6 Nc4 35. Rxe6 Nxb2 36. Rxa6 Nd3+ 37. Kg3 Nb4 38. Rab6 Rxa2 39. Rxb5 Nd3 40.
Rd6 Ne1 41. Rd1 Rg2+ 42. Kh3 Re2 43. Rb3 g5 44. Nd5 Ng2 45. Rb7 Nxf4+ 46. Nxf4
gxf4 47. Rdd7 Re8 48. Rxh7+ Kg8 49. Rbg7+ Kf8 50. Rg4 Re6 51. Rxf4 Kg8 52. Rb7
Rd6 53. Rg4+ Kf8 54. Rh4 Kg8 55. Kg4 Rd3 56. Rh3 Rf2 57. Rg3 Kf8 58. h4 Rh2 59.
h5 Rd4 60. Rb5 Kf7 61. Rh3 Rg2+ 62. Kf4 Rd7 63. Rf5 Ke6 64. Rg3 Rh2 65. Rg6 Rf7
66. Ra5 Rh4+ 67. Rg4 Rh3 68. Ra6+ Ke7 69. Ra5 Ke6 70. Rg6 Rh4+ 71. Ke3 Rh1 72.
Ra6+ Ke7 73. h6 Rh5 74. Kd4 Rh3 75. Ke3 Rh5 76. Kf4 Rh4+ 77. Kg3 Rh1 78. Kg2 Rh5
79. Kf2 Rh1 80. Ke3 Rh3 81. Rb6 Rh1 82. f4 Re1+ 83. Kf3 Rf1+ 84. Kg4 Rh1 85. f5
Rg1+ 86. Kf3 Rh1 87. Re6+ 1-0

[Event "World Rapid Women 2022"]
[Site "Almaty KAZ"]
[Date "2022.12.26"]
[Round "3.17"]
[White "Abdumalik, Zhansaya"]
[Black "Badelka, Olga"]
[Result "1-0"]
[WhiteTitle "GM"]
[BlackTitle "IM"]
[WhiteElo "2496"]
[BlackElo "2416"]
[WhiteFideId "13703544"]
[BlackFideId "13509926"]
[EventDate "2022.12.26"]

1. e4 e5 2. Nf3 Nc6 3. d4 exd4 4. Nxd4 Bc5 5. Nb3 Bb6 6. Nc3 d6 7. Qe2 Be6 8.
Be3 Nge7 9. O-O-O Bxe3+ 10. Qxe3 a6 11. f4 Bxb3 12. axb3 Qc8 13. h4 b5 14. h5
Qe6 15. g3 f5 16. Bh3 b4 17. Nd5 Nxd5 18. Rxd5 Ne7 19. Rd4 c5 20. Rd3 O-O 21.
Re1 Rad8 22. e5 Nc8 23. Qf2 c4 24. bxc4 dxe5 25. Rxd8 Rxd8 26. Rxe5 Qxc4 27.
Bxf5 Kh8 28. Qe2 Qc6 29. Qe4 Qa4 30. Rd5 Nd6 31. Qd4 Re8 32. Kd2 Nxf5 33. Rxf5
Qc6 34. Rd5 h6 35. g4 a5 36. g5 hxg5 37. Rxg5 Qc7 38. h6 Rd8 39. hxg7+ Kg8 40.
Rd5 Rxd5 41. Qxd5+ Kxg7 42. Qe5+ Qxe5 43. fxe5 Kf7 44. Kd3 Ke6 45. Kc4 Kxe5 46.
Kb5 Kd4 47. Kxa5 Kc4 48. Ka4 Kc5 49. b3 Kd5 1-0

[Event "World Rapid Women 2022"]
[Site "Almaty KAZ"]
[Date "2022.12.26"]
[Round "3.18"]
[White "Lagno, Kateryna"]
[Black "Gvetadze, Sofio"]
[Result "1-0"]
[WhiteTitle "GM"]
[BlackTitle "IM"]
[WhiteElo "2563"]
[BlackElo "2298"]
[WhiteFideId "14109336"]
[BlackFideId "13601440"]
[EventDate "2022.12.26"]

1. e4 c5 2. Nf3 g6 3. d4 cxd4 4. Qxd4 Nf6 5. Nc3 Nc6 6. Qa4 d6 7. e5 dxe5 8.
Nxe5 Bd7 9. Nxd7 Qxd7 10. Be3 Bg7 11. Be2 O-O 12. O-O Rfc8 13. Rad1 Qe8 14. Qh4
Rd8 15. a3 Rxd1 16. Rxd1 Rd8 17. h3 Rxd1+ 18. Bxd1 Qd7 19. Be2 Nd5 20. Nxd5 Qxd5
21. Bf3 Qd7 22. c3 Ne5 23. Be2 Bf6 24. Qe4 Nc6 25. Bf3 a6 26. Kf1 Kg7 27. Qd5
Qc7 28. g3 Qc8 29. Kg2 Qc7 30. a4 Be5 31. Qc5 Bd6 32. Qb6 Qd7 33. b4 Be5 34. b5
axb5 35. axb5 Nd8 36. c4 h5 37. h4 Bc7 38. Qa7 Be5 39. Bb6 Bc7 40. Bd4+ e5 41.
Be3 Qc8 42. c5 Bb8 43. Qa8 Qc7 44. Bd2 Ne6 45. Ba5 Qc8 46. Bxb7 Nf4+ 47. gxf4
Qg4+ 48. Kf1 exf4 49. Bc3+ f6 50. Bf3 Qh3+ 51. Ke2 Qe6+ 52. Qe4 Qa2+ 53. Kf1 Qa7
54. Kg2 Qxc5 55. Qb7+ Bc7 56. Ba5 1-0

[Event "World Rapid Women 2022"]
[Site "Almaty KAZ"]
[Date "2022.12.26"]
[Round "3.19"]
[White "Schulze, Lara"]
[Black "Saduakassova, Dinara"]
[Result "1/2-1/2"]
[WhiteTitle "FM"]
[BlackTitle "IM"]
[WhiteElo "2284"]
[BlackElo "2434"]
[WhiteFideId "12956830"]
[BlackFideId "13700090"]
[EventDate "2022.12.26"]

1. e4 e5 2. Nf3 Nc6 3. Bc4 Bc5 4. c3 Nf6 5. d3 d6 6. Nbd2 a6 7. Bb3 Ba7 8. O-O
O-O 9. h3 h6 10. Re1 Be6 11. Nf1 Re8 12. Ng3 d5 13. exd5 Bxd5 14. Bc2 Qd7 15.
Nh4 Bc5 16. Nhf5 Bf8 17. Be3 Ne7 18. d4 Nxf5 19. Nxf5 Qc6 20. dxe5 Rxe5 21. Nd4
Qd7 22. Bb3 Rd8 23. Nf3 Ree8 24. Bd4 Rxe1+ 25. Nxe1 Ne4 26. Nf3 c5 27. Be3 Bxb3
28. Qxd7 Rxd7 29. axb3 Rd5 30. Kf1 f5 31. Ke2 Kf7 32. Nd2 Nf6 33. Ra5 Ke6 34.
Nf3 Ne4 35. Nd2 Nxd2 36. Bxd2 Rd7 37. Be3 Rc7 38. f3 Rc6 39. g4 Bd6 40. gxf5+
Kf6 41. Kd3 Kxf5 42. b4 b6 43. Rxa6 cxb4 44. Rxb6 Rxb6 45. Bxb6 bxc3 46. bxc3
Kf4 1/2-1/2

[Event "World Rapid Women 2022"]
[Site "Almaty KAZ"]
[Date "2022.12.26"]
[Round "3.20"]
[White "Kovanova, Baira"]
[Black "Khotenashvili, Bela"]
[Result "0-1"]
[WhiteTitle "WGM"]
[BlackTitle "GM"]
[WhiteElo "2317"]
[BlackElo "2485"]
[WhiteFideId "4164083"]
[BlackFideId "13602640"]
[EventDate "2022.12.26"]

1. e4 c6 2. d4 d5 3. Nc3 dxe4 4. Nxe4 Nf6 5. Nxf6+ exf6 6. c3 Bd6 7. Bd3 O-O 8.
Ne2 Re8 9. O-O Qc7 10. Ng3 Nd7 11. f4 c5 12. d5 c4 13. Bc2 Nb6 14. Kh1 g6 15.
Qf3 f5 16. Be3 Bc5 17. Bxc5 Qxc5 18. Rad1 Re3 19. Qf2 Bd7 20. Rd4 Rae8 21. Rfd1
Nxd5 22. h3 Bc6 23. Bxf5 Rxg3 24. Qxg3 Ne3 25. Bd7 Bxg2+ 26. Kh2 Re7 27. Bg4
Nxd1 28. Rxd1 Be4 29. Rd4 h5 30. Bd1 Bd3 31. Qh4 Kg7 32. b3 b5 33. b4 Qc7 34.
Bxh5 gxh5 35. Qg5+ Bg6 36. Kg2 Re2+ 37. Kf1 Qe7 0-1

[Event "World Rapid Women 2022"]
[Site "Almaty KAZ"]
[Date "2022.12.26"]
[Round "3.21"]
[White "Ushenina, Anna"]
[Black "Lhotska, Anna"]
[Result "1-0"]
[WhiteTitle "GM"]
[BlackTitle "WFM"]
[WhiteElo "2454"]
[BlackElo "2159"]
[WhiteFideId "14110911"]
[BlackFideId "376183"]
[EventDate "2022.12.26"]

1. d4 Nf6 2. Nf3 e6 3. Bf4 c5 4. e3 Nc6 5. c3 d5 6. Nbd2 Bd6 7. dxc5 Bxc5 8. Bd3
O-O 9. O-O Re8 10. e4 e5 11. Bg5 Be6 12. exd5 Bxd5 13. Bxf6 Qxf6 14. Ne4 Bxe4
15. Bxe4 Rad8 16. Qb3 Rd7 17. Rad1 Red8 18. Rxd7 Rxd7 19. Bxc6 bxc6 20. Qb8+ Qd8
21. Qxe5 Rd5 22. Qe4 g6 23. g3 Qb6 24. b4 Bf8 25. Re1 a5 26. a3 Rf5 27. Nd4 Rd5
28. Qe8 c5 29. bxa5 Qf6 30. Qa8 Rd8 31. Qf3 Qxf3 32. Nxf3 Ra8 33. Re4 Rxa5 34.
a4 f5 35. Rc4 Bd6 36. Kf1 Kf7 37. Ke2 Ke6 38. Kd3 h6 39. Nd2 Kd5 40. Rh4 Bf8 41.
Nc4 Ra6 42. a5 g5 43. Ne3+ Ke5 44. Ra4 Be7 1-0

[Event "World Rapid Women 2022"]
[Site "Almaty KAZ"]
[Date "2022.12.26"]
[Round "3.22"]
[White "Enkhtuul, Altan-Ulzii"]
[Black "Javakhishvili, Lela"]
[Result "0-1"]
[WhiteTitle "WGM"]
[BlackTitle "IM"]
[WhiteElo "2285"]
[BlackElo "2440"]
[WhiteFideId "4901444"]
[BlackFideId "13601458"]
[EventDate "2022.12.26"]

1. Nf3 c5 2. g3 Nc6 3. Bg2 g6 4. O-O Bg7 5. e4 d6 6. Nc3 e6 7. Ne2 Nf6 8. d3 O-O
9. h3 Rb8 10. a4 b6 11. Be3 Ba6 12. Qd2 Re8 13. Rfd1 d5 14. exd5 Nxd5 15. Bg5
Qc7 16. Nc3 Ndb4 17. Nb5 Qd7 18. c3 Nd5 19. d4 Na5 20. Qe2 h6 21. Bc1 Nb3 22.
Ra3 Nxc1 23. Rxc1 cxd4 24. Nfxd4 Bb7 25. Nxa7 Nxc3 26. Raxc3 Bxg2 27. Kxg2 Qxa7
28. Rc7 Qxa4 29. Nc6 Ra8 30. Qf3 Rf8 31. Ne7+ Kh7 32. R1c4 Qe8 33. h4 Ra5 34. b4
Rh5 35. Nc6 Rf5 36. Qd3 Rd5 37. Qf3 Rd7 38. Rxd7 Qxd7 39. h5 Qd5 40. Ne7 Qxc4
41. b5 Qc5 42. hxg6+ fxg6 43. Qb7 Rf7 44. Qb8 Rxe7 45. Kg1 Rf7 0-1

[Event "World Rapid Women 2022"]
[Site "Almaty KAZ"]
[Date "2022.12.26"]
[Round "3.23"]
[White "Munkhzul, Turmunkh"]
[Black "Injac, Teodora"]
[Result "1-0"]
[WhiteTitle "WIM"]
[BlackTitle "WGM"]
[WhiteElo "2318"]
[BlackElo "2365"]
[WhiteFideId "4901878"]
[BlackFideId "932400"]
[EventDate "2022.12.26"]

1. e4 e5 2. Nf3 Nc6 3. Bb5 a6 4. Bxc6 dxc6 5. d4 exd4 6. Qxd4 Qxd4 7. Nxd4 Bd7
8. Be3 O-O-O 9. Nc3 Bb4 10. Ne2 Ne7 11. f3 Ng6 12. Kf2 f5 13. Rad1 b6 14. a3 Be7
15. exf5 Bxf5 16. Nd4 Bd7 17. Ne4 h6 18. Rhe1 Rhf8 19. Kg1 Nh4 20. Bf2 Ng6 21.
Bg3 c5 22. Ne2 Ba4 23. b3 Bc6 24. N2c3 h5 25. Bf2 Nf4 26. h4 Rxd1 27. Rxd1 Ng6
28. Ng5 Bxg5 29. hxg5 Rf5 30. Be3 h4 31. Kh2 Nf4 32. Bxf4 Rxf4 33. Nd5 Rd4 34.
Rxd4 cxd4 35. Ne7+ Kb7 36. Nf5 Be8 37. Nxd4 Bd7 38. Kg1 c5 39. Ne2 Bf5 40. c3
Bc2 41. b4 Kc6 42. Kf2 Kb5 43. bxc5 bxc5 44. Nf4 Ka4 45. Ne6 c4 46. Nxg7 Kxa3
47. Ne6 Kb2 48. Nc5 a5 49. Ke3 a4 50. Nxa4+ Bxa4 51. Kd4 Kb3 52. f4 Bd7 53. g6
Be6 54. Ke5 Bg8 55. Kd4 Be6 56. Ke5 Bg8 57. f5 Kxc3 58. f6 1-0

[Event "World Rapid Women 2022"]
[Site "Almaty KAZ"]
[Date "2022.12.26"]
[Round "3.24"]
[White "Borisova, Ekaterina"]
[Black "Maltsevskaya, Aleksandra"]
[Result "0-1"]
[WhiteTitle "FM"]
[BlackTitle "IM"]
[WhiteElo "2223"]
[BlackElo "2400"]
[WhiteFideId "34124184"]
[BlackFideId "24174041"]
[EventDate "2022.12.26"]

1. d4 d5 2. c4 dxc4 3. Nf3 a6 4. a4 c5 5. d5 Nf6 6. Nc3 e6 7. e4 exd5 8. Nxd5
Nxd5 9. Qxd5 Nc6 10. Qxd8+ Nxd8 11. Bxc4 Be6 12. Be2 Nc6 13. O-O Be7 14. Be3 O-O
15. Rac1 Rac8 16. Nd2 Rfd8 17. Rfd1 Nd4 18. Kf1 b5 19. axb5 axb5 20. Bxd4 Rxd4
21. Bxb5 Rcd8 22. Ke2 Bg5 23. Nf3 Rxe4+ 24. Kf1 Rxd1+ 25. Rxd1 Be7 26. Bd7 Bc4+
27. Kg1 Kf8 28. Bc6 Re2 29. Rd2 Re6 30. Bd5 Bxd5 31. Rxd5 Rb6 32. Ne5 Rxb2 33.
g3 Rc2 34. Rd7 Bf6 35. Nxf7 Ke8 36. Rb7 Rd2 37. h4 Rd7 38. Rxd7 Kxd7 39. Kf1 Ke6
40. Ng5+ Bxg5 41. hxg5 Kf5 42. f4 g6 43. Ke2 Kg4 44. Ke3 Kxg3 0-1

[Event "World Rapid Women 2022"]
[Site "Almaty KAZ"]
[Date "2022.12.26"]
[Round "3.25"]
[White "Tania, Sachdev"]
[Black "Lu, Miaoyi"]
[Result "1-0"]
[WhiteTitle "IM"]
[WhiteElo "2389"]
[BlackElo "2399"]
[WhiteFideId "5007844"]
[BlackFideId "8618020"]
[EventDate "2022.12.26"]

1. d4 Nf6 2. c4 e6 3. Nf3 c5 4. d5 exd5 5. cxd5 d6 6. Nc3 g6 7. Bf4 a6 8. a4 Qe7
9. h3 Bg7 10. e3 O-O 11. Be2 Nbd7 12. O-O Rb8 13. Re1 Ne8 14. Nd2 Ne5 15. Bg3 f5
16. Bf1 g5 17. f4 Ng6 18. Nc4 gxf4 19. exf4 Bd4+ 20. Kh1 Qg7 21. Qf3 b5 22. axb5
axb5 23. Na5 b4 24. Na4 Bd7 25. Nc6 Bxc6 26. dxc6 Nc7 27. Rad1 Kh8 28. Bc4 Rfd8
29. Bd3 Rf8 30. b3 Ne7 31. Bh4 Ned5 32. Bf2 Nc3 33. Nxc3 bxc3 34. Bc2 Nb5 35.
Bh4 Na3 36. Rc1 Nxc2 37. Rxc2 Rxb3 38. Rce2 Rbb8 39. Re7 Rf7 40. c7 Rc8 41. Qb7
Rxc7 42. Qxc7 c2 43. Rxf7 1-0

[Event "World Rapid Women 2022"]
[Site "Almaty KAZ"]
[Date "2022.12.26"]
[Round "3.26"]
[White "Machlik, Monika"]
[Black "Voit, Daria"]
[Result "0-1"]
[BlackTitle "WGM"]
[WhiteElo "2114"]
[BlackElo "2347"]
[WhiteFideId "1513621"]
[BlackFideId "4182146"]
[EventDate "2022.12.26"]

1. d4 Nf6 2. c4 e6 3. Nc3 Bb4 4. Qc2 d5 5. a3 Bxc3+ 6. Qxc3 dxc4 7. Qxc4 b6 8.
Bg5 Ba6 9. Qa4+ Qd7 10. Qxd7+ Nbxd7 11. Bxf6 gxf6 12. Nf3 c5 13. e3 Bxf1 14.
Rxf1 Ke7 15. Ke2 c4 16. a4 a6 17. Rfc1 b5 18. Nd2 Nb6 19. a5 Nd5 20. Ne4 Nb4 21.
Nc5 e5 22. b3 cxb3 23. Nxb3 Rhc8 24. Kd2 Kd6 25. Rab1 Nc6 26. Kd3 exd4 27. exd4
Nb4+ 28. Kd2 Kd5 29. Nc5 Nc6 30. Nd7 Kd6 31. Nb6 Rg8 32. Nxa8 Rxa8 33. Kd3 Nxa5
34. Rc5 Nc6 35. Rf5 Ke6 36. g4 Rd8 37. Re1+ Ne5+ 38. Kc3 b4+ 39. Kxb4 Rxd4+ 40.
Kc5 Rxg4 41. Rh5 Rf4 42. Re2 a5 43. Rxh7 Kf5 44. h4 Kg6 45. Rh8 Kg7 46. Ra8 Nd3+
47. Kb5 Rxh4 48. Rxa5 Rf4 49. Ra8 Nxf2 50. Raa2 Ng4 51. Rg2 f5 52. Kc5 Kg6 53.
Kd5 Rf1 54. Ra8 Rd1+ 55. Kc5 Kg5 56. Rf8 f6 57. Rf7 Kf4 58. Ra2 Rf1 59. Ra4+ Kg3
60. Kd5 f4 61. Rg7 Rd1+ 62. Ke6 Re1+ 63. Kd5 f5 64. Raa7 f3 65. Raf7 Kf4 66. Rh7
f2 67. Rh5 Re5+ 68. Kd4 f1=Q 0-1

[Event "World Rapid Women 2022"]
[Site "Almaty KAZ"]
[Date "2022.12.26"]
[Round "3.27"]
[White "Savitha, Shri B"]
[Black "Frayna, Janelle Mae"]
[Result "1-0"]
[WhiteTitle "WIM"]
[BlackTitle "WGM"]
[WhiteElo "2411"]
[BlackElo "2265"]
[WhiteFideId "35061887"]
[BlackFideId "5212499"]
[EventDate "2022.12.26"]

1. e4 c6 2. Nc3 d5 3. Qf3 Nf6 4. d3 e5 5. exd5 Nxd5 6. Nxd5 cxd5 7. Qg3 Nc6 8.
Nf3 f6 9. Be2 Be6 10. O-O Qd7 11. Rd1 Bd6 12. Qh4 O-O-O 13. Qa4 Kb8 14. c4 Nd4
15. Qxd7 Nxe2+ 16. Kf1 Rxd7 17. cxd5 Bxd5 18. Kxe2 Rc8 19. Ne1 h5 20. Bd2 g5 21.
a3 e4 22. Bc3 exd3+ 23. Nxd3 Bc4 24. Kd2 Bb3 25. Bxf6 Bf4+ 26. Ke2 Re8+ 27. Kf1
Bc4 28. g3 Rxd3 29. Rxd3 Bxd3+ 30. Kg1 Bd2 31. Rd1 Re2 32. Bxg5 Bxg5 33. Rxd3
Bf6 34. b3 Kc7 35. Rd5 Re5 36. Rd3 Be7 37. a4 a6 38. h3 Re4 39. Kg2 Bd6 40. Rd5
Re5 41. Rd3 b5 42. axb5 axb5 43. f4 Re2+ 44. Kf3 Rc2 45. g4 Rc1 46. f5 h4 47.
Ke4 Re1+ 48. Kd4 Bf4 49. Rf3 Bg5 50. f6 Kd6 51. f7 Rd1+ 52. Kc3 Be7 53. f8=Q
Bxf8 54. Rxf8 Rg1 55. Kb4 Rg3 56. Rh8 Rxh3 57. Rh5 Kc6 58. g5 Rh1 59. Rh6+ Kb7
60. Kxb5 Rg1 61. Rh7+ Kb8 62. Kb6 Kc8 63. Rxh4 Rxg5 64. Rh8+ Kd7 65. b4 Rg6+ 66.
Kb7 Kd6 67. b5 Kc5 68. Rh5+ Kd6 69. b6 Rg7+ 70. Ka8 1-0